Películas serie B - Estadísticas

Estadísticas generales
  • Esta prueba ha sido intentada 13 veces
  • La puntuación promedio es 3 de 12
Estadísticas de respuestas
Imagen Respuesta % Correcto
Sharknado
82%
La loca historia de las galaxias
45%
The VelociPastor
36%
El vengador toxico
18%
Breach
9%
El ataque de los tomates asesinos
9%
Mega Shark vs. Kolossus
9%
Proyecto ninjas del infierno
9%
Shark exorcist
9%
Transmorphers
9%
Virus
9%
Yacimiento lunar
9%
No se encontraron pruebas coincidentes
Distribución de puntuación
Porcentaje de gente con cada puntuación
Porcentaje por número respondido
Historial de tus puntuaciones
No has intentado esta prueba.